Poesia e canto: studi sulla poesia melica italiana e sulla favola per musica

Պահպանված է:
Մատենագիտական մանրամասներ
Հիմնական հեղինակ: Calcaterra, Carlo (Հեղինակ)
Ձևաչափ: Գիրք
Լեզու:իտալերեն
Հրապարակվել է: Bolonia Nicola Zanichelli 1951
Խորագրեր:
Ցուցիչներ: Ավելացրեք ցուցիչ
Չկան պիտակներ, Եղեք առաջինը, ով նշում է այս գրառումը!

MARC

LEADER 00000nam a2200000 a 4500
001 UCZ1777
003 CL-VaPUC
008 950907e19510000IT |||||||||||||||||ita|d
082 0 4 |a 851.09  |b CAL  |2 21 
100 0 |a Calcaterra, Carlo  |e author  |9 345408 
245 1 0 |a Poesia e canto: studi sulla poesia melica italiana e sulla favola per musica 
300 |a 369 p 
942 |c BK 
945 |d 19950907 00:00:00  |a rbrito 
260 |a Bolonia  |b Nicola Zanichelli  |c 1951 
650 7 |a POESIA ITALIANA  |2 CL-VaPUC  |9 336930 
650 0 |a Crítica literaria   |9 269189 
583 |a last modification  |c 19950907 00:00:00  |k Rodrigo Vera 
999 |c 238480  |d 238478 
952 |0 0  |1 0  |4 0  |6 851_090000000000000_CAL_1951  |7 0  |8 A  |9 248678  |a BIBEDU  |b BIBEDU  |d 2019-11-18  |i 3120112  |o 851.09 CAL 1951  |p 3120112  |r 2019-11-18  |w 2019-11-18  |y BK  |k LIT